| 000 | 00755nam a2200181Ia 4500 | ||
|---|---|---|---|
| 008 | 100920s9999 xx 000 0 und d | ||
| 082 |
_b88628 _a930 थ 51 |
||
| 100 | _aजोशी विनायक कृष्ण / लेले रामचंद्र केशव. | ||
| 245 | _aवृत्तपत्रांचा इतिहास.खंड-1. | ||
| 260 |
_bयुगवाणी प्रकाशन, मुंबई. _c1951 |
||
| 300 |
_a560 _bसाधी |
||
| 365 | _b0 | ||
| 520 | _aइतिहास. | ||
| 630 | _aवृत्तपत्रांचा इतिहास.खंड-1. | ||
| 650 | _aइतिहास. | ||
| 730 | _aवृत्तपत्रांचा इतिहास.खंड-1. | ||
| 942 | _cBOOK | ||
| 999 |
_c729131 _d729128 |
||